[Event "Championnat de France - Vétérans"]
[Site "NANCY"]
[Date "2013.08.18"]
[Round "6.4"]
[White "Peyrin, Jean"]
[Black "Degrave, Jack"]
[Result "0-1"]
[WhiteElo "1899"]
[BlackElo "1961"]
[PlyCount "132"]
[EventDate "2013.??.??"]

1. d4 e6 2. c4 d5 3. Nc3 f5 4. g3 Nf6 5. Bg2 c6 6. Nf3 Bd6 7. cxd5 exd5 8. O-O
Nbd7 9. Bf4 Bxf4 10. gxf4 O-O 11. Ne5 Ne4 12. f3 Nxc3 13. bxc3 Qh4 14. e3 Rf6
15. Qe1 Qh5 16. Qg3 Nxe5 17. fxe5 f4 18. exf4 Rg6 19. Qe1 Bh3 20. Rf2 Rf8 21.
Rb1 b6 22. Rbb2 Rxf4 23. Kh1 Bxg2+ 24. Rxg2 Rxg2 25. Rxg2 Qxf3 26. Kg1 Re4 27.
Qd2 g6 28. a4 Qe3+ 29. Qxe3 Rxe3 30. Rc2 Re1+ 31. Kf2 Ra1 32. c4 Rxa4 33. cxd5
cxd5 34. Ke3 Ra3+ 35. Ke2 a5 36. Rb2 a4 37. Rxb6 Ra2+ 38. Kf3 Rxh2 39. Rb5 a3
40. Rxd5 Kf7 41. Rd6 a2 42. Ra6 h5 43. Ke4 h4 44. Kd5 Rc2 45. Ra7+ Ke8 46. Kd6
Re2 47. d5 h3 48. Ra8+ Kf7 49. e6+ Kf6 50. Rf8+ Kg5 51. Rf1 Kg4 52. e7 Kg3 53.
Kd7 Kg2 54. Ra1 h2 55. e8=Q Rxe8 56. Kxe8 h1=Q 57. Rxa2+ Kg3 58. Ra3+ Kf4 59.
d6 Qe4+ 60. Kd7 g5 61. Kc7 Qc4+ 62. Kd7 g4 63. Ra8 g3 64. Rf8+ Ke5 65. Re8+ Kd5
66. Rg8 Qc6+ 0-1

[Event "Championnat de France - Vétérans"]
[Site "NANCY"]
[Date "2013.08.18"]
[Round "6.5"]
[White "Tholey, Jean-Paul"]
[Black "Dubreuil, Remy"]
[Result "0-1"]
[WhiteElo "1884"]
[BlackElo "1817"]
[PlyCount "44"]
[EventDate "2013.??.??"]

1. d4 Nf6 2. Nc3 d5 3. Bg5 e6 4. e4 Bb4 5. e5 h6 6. Bd2 Bxc3 7. bxc3 Ne4 8. Bd3
Nxd2 9. Qxd2 c5 10. Nf3 c4 11. Be2 O-O 12. g4 f5 13. gxf5 Rxf5 14. Rg1 Kh7 15.
O-O-O b5 16. Rg4 a5 17. Rdg1 Ra7 18. R1g2 Qf8 19. Qe3 Qa3+ 20. Kb1 b4 21. cxb4
Qxb4+ 22. Ka1 Rb7 0-1

[Event "Championnat de France - Vétérans"]
[Site "NANCY"]
[Date "2013.08.18"]
[Round "6.6"]
[White "Marbot, Raymond"]
[Black "Belluire, Patrice"]
[Result "1/2-1/2"]
[WhiteElo "1823"]
[BlackElo "1899"]
[PlyCount "111"]
[EventDate "2013.??.??"]

1. e4 d5 2. exd5 Nf6 3. d4 Nxd5 4. c4 Nb6 5. Nf3 Bg4 6. Be2 e6 7. O-O Nc6 8.
Be3 Bxf3 9. Bxf3 Nxc4 10. Bxc6+ bxc6 11. Qa4 Nb6 12. Qxc6+ Qd7 13. Qxd7+ Kxd7
14. Nd2 Bd6 15. Rac1 Rhb8 16. Rc2 Nd5 17. a3 a5 18. g3 h5 19. Kg2 f6 20. h4 a4
21. Nc4 Nb6 22. Bc1 Nd5 23. Re1 Nb6 24. Nxb6+ Rxb6 25. Rce2 Bf8 26. Rc2 Bd6 27.
Rc4 Rb5 28. Re2 Ra6 29. Rec2 Rbb6 30. Bd2 Rb5 31. Bb4 Rab6 32. Bxd6 Kxd6 33.
Rxc7 Rxb2 34. Rxb2 Rxb2 35. Rc4 Kd5 36. Rxa4 Ke4 37. Ra6 e5 38. dxe5 fxe5 39.
Rg6 Kd3 40. Rxg7 e4 41. Rd7+ Ke2 42. Rd5 Ra2 43. Rxh5 Ke1 44. Rg5 Rxf2+ 45. Kg1
Rf1+ 46. Kg2 Rf2+ 47. Kh3 e3 48. h5 Kd2 49. Re5 e2 50. Kh4 Rf3 51. Rxe2+ Kxe2
52. h6 Rxa3 53. g4 Kf3 54. h7 Ra1 55. Kg5 Rh1 56. Kg6 1/2-1/2

[Event "Championnat de France - Vétérans"]
[Site "NANCY"]
[Date "2013.08.18"]
[Round "6.7"]
[White "Guillaumat, Jean-Pierre"]
[Black "Coussot, Jean-Claude"]
[Result "1/2-1/2"]
[WhiteElo "1863"]
[BlackElo "1811"]
[Annotator "Rivier,Sylvain"]
[PlyCount "80"]
[EventDate "2013.??.??"]

1. d4 d5 2. Nf3 Nf6 3. c4 c6 4. cxd5 cxd5 5. Nc3 Nc6 6. e3 e6 7. Bd3 Bd6 8. O-O
O-O 9. e4 dxe4 10. Nxe4 Be7 11. Nxf6+ Bxf6 12. Be3 g6 13. Bb5 a6 14. Bxc6 bxc6
15. Rc1 Bb7 16. Qe2 Rc8 17. Rfd1 Qa5 18. a3 Qb5 19. Qd2 c5 20. Rxc5 Rxc5 21.
dxc5 Qxb2 22. Qxb2 Bxb2 23. Rb1 Bxf3 24. Rxb2 Bd5 25. f3 Kg7 26. Rb6 a5 27. Ra6
Ra8 28. Rb6 Rc8 29. Bf4 Rxc5 30. Bd6 Rc2 31. Ra6 g5 32. Rxa5 h5 33. Rc5 Ra2 34.
Rc3 Kg6 35. h3 f5 36. Be5 f4 37. h4 Re2 38. Bd4 e5 39. Kf1 Ra2 40. Bxe5 Rd2 {
suite illisible} 1/2-1/2

[Event "Championnat de France - Vétérans"]
[Site "NANCY"]
[Date "2013.08.18"]
[Round "6.8"]
[White "Vouin, Denis"]
[Black "Maury, Claude"]
[Result "0-1"]
[WhiteElo "1779"]
[BlackElo "1840"]
[PlyCount "130"]
[EventDate "2013.??.??"]

1. b4 e5 2. Bb2 Bxb4 3. Bxe5 Nf6 4. Nf3 O-O 5. e3 Nc6 6. Bb2 d5 7. Be2 Re8 8.
O-O h6 9. a4 Bf5 10. d3 Qd6 11. Na3 Qe6 12. Nb5 Ba5 13. Nfd4 Nxd4 14. Nxd4 Qd7
15. Nb3 Bb4 16. Bxf6 gxf6 17. c4 dxc4 18. dxc4 Qxd1 19. Raxd1 Bc2 20. Rd4 Bxb3
21. Rb1 Bxa4 22. Rxb4 Bc6 23. Rg4+ Kf8 24. Bf3 Bxf3 25. gxf3 b6 26. Rb5 Re5 27.
c5 a6 28. Rbb4 Rxc5 29. Rbd4 Rg5 30. h4 Rf5 31. Rd7 Ra7 32. Kg2 a5 33. Rd8+ Ke7
34. Rgg8 Rg5+ 35. hxg5 fxg5 36. Rge8+ Kf6 37. Rd7 a4 38. Ree7 a3 39. Rxf7+ Kg6
40. Rxc7 Ra5 41. Rg7+ Kf6 42. Rgd7 Ke6 43. Rd1 b5 44. Rc6+ Ke7 45. Rb6 a2 46.
Ra1 Kd7 47. e4 Kc7 48. Rxh6 b4 49. Rhh1 b3 50. Rhc1+ Kb6 51. Rxa2 bxa2 52. Ra1
Kb5 53. Kg3 Kb4 54. f4 gxf4+ 55. Kxf4 Kb3 56. e5 Kb2 57. Rxa2+ Rxa2 58. Kf5 Kb3
59. f4 Kc4 60. Kf6 Kd5 61. e6 Kd6 62. f5 Ra7 63. Kg6 Ke7 64. Kg7 Ra1 65. Kg6
Rg1+ 0-1

[Event "Championnat de France - Vétérans"]
[Site "NANCY"]
[Date "2013.08.18"]
[Round "6.9"]
[White "Daigremont, Jean-Renaud"]
[Black "Koenig, Joel"]
[Result "1-0"]
[WhiteElo "2033"]
[BlackElo "1831"]
[PlyCount "79"]
[EventDate "2013.??.??"]

1. d4 d5 2. Nf3 Nf6 3. g3 c6 4. Bg2 e6 5. O-O Bd6 6. c4 Nbd7 7. Qc2 Ne4 8. Nc3
f5 9. Rd1 O-O 10. Nxe4 fxe4 11. Ne5 Nxe5 12. dxe5 Bxe5 13. Bxe4 g6 14. Bh6 Bg7
15. Bxg7 Kxg7 16. f4 Qf6 17. Bf3 Rb8 18. cxd5 exd5 19. Bxd5 Bf5 20. Be4 Bxe4
21. Qxe4 Rfe8 22. Rd7+ Kh6 23. Qf3 Qe6 24. Rd2 Re7 25. b3 Rbe8 26. Re1 Qh3 27.
e4 Rd7 28. Red1 Rxd2 29. Rxd2 Qe6 30. e5 Qf5 31. g4 Qf7 32. Rd6 Kg7 33. Qe4 Qe7
34. Qd4 Qh4 35. Rd7+ Kf8 36. Qd1 a5 37. Kg2 b5 38. h3 g5 39. Qd6+ Kg8 40. Qf6
1-0

[Event "Championnat de France - Vétérans"]
[Site "NANCY"]
[Date "2013.08.18"]
[Round "6.10"]
[White "Jouhaneau, Jacques"]
[Black "Audiffren, Roger"]
[Result "0-1"]
[WhiteElo "1799"]
[BlackElo "1971"]
[PlyCount "46"]
[EventDate "2013.??.??"]

1. c4 e5 2. Nc3 Nc6 3. Nf3 g6 4. g3 Bg7 5. Bg2 d6 6. d3 Nge7 7. O-O O-O 8. a3
a5 9. Rb1 h6 10. b4 axb4 11. axb4 f5 12. Qb3 Kh7 13. e3 Be6 14. Qc2 Qd7 15. Nd2
f4 16. b5 Na5 17. exf4 exf4 18. gxf4 Rxf4 19. Nb3 Rg4 20. Ne4 Rxg2+ 21. Kxg2
Bh3+ 22. Kg1 Qg4+ 23. Ng3 Qf3 0-1

[Event "Championnat de France - Vétérans"]
[Site "NANCY"]
[Date "2013.08.19"]
[Round "7.1"]
[White "Degrave, Jack"]
[Black "Giffard, Nicolas"]
[Result "0-1"]
[WhiteElo "1961"]
[BlackElo "2337"]
[PlyCount "108"]
[EventDate "2013.??.??"]

1. e4 c5 2. Nf3 Nc6 3. d4 cxd4 4. Nxd4 Qb6 5. Nb5 a6 6. Be3 Qd8 7. Nd4 Nf6 8.
Nc3 d6 9. f3 e5 10. Nde2 Be6 11. Nd5 Bxd5 12. exd5 Qa5+ 13. Nc3 Ne7 14. Bc4 b5
15. Bb3 b4 16. Ne4 Nexd5 17. Nxf6+ Nxf6 18. O-O Be7 19. a3 O-O 20. Kh1 bxa3 21.
Rxa3 Qc7 22. Qd3 a5 23. Rfa1 d5 24. Ra4 d4 25. Bd2 e4 26. fxe4 Ng4 27. Qg3 Qxg3
28. hxg3 Nf2+ 29. Kh2 Nxe4 30. Bf4 Bb4 31. Bc7 Ra6 32. Bf4 g5 33. Be5 Nc5 34.
Rxb4 Rh6+ 35. Kg1 axb4 36. Bc4 Rc6 37. b3 Ne6 38. Bf6 h6 39. Kf2 Rfc8 40. Rh1
Rxc4 41. bxc4 Kh7 42. Ke2 Kg6 43. Be7 Rxc4 44. Kd2 Rc3 45. Bd6 b3 46. cxb3 Rxb3
47. Kc2 Rb6 48. Ba3 Rc6+ 49. Kd2 Nc5 50. Re1 Nb3+ 51. Ke2 Rc2+ 52. Kf1 Nd2+ 53.
Kg1 Nc4 54. Bc5 d3 0-1

[Event "Championnat de France - Vétérans"]
[Site "NANCY"]
[Date "2013.08.19"]
[Round "7.2"]
[White "Goldenberg, Richard"]
[Black "Dubreuil, Remy"]
[Result "1-0"]
[WhiteElo "2301"]
[BlackElo "1817"]
[Annotator "Rivier,Sylvain"]
[PlyCount "37"]
[EventDate "2013.??.??"]

1. Nf3 d5 2. c4 Nf6 3. cxd5 Qxd5 4. Nc3 Qa5 5. d4 c6 6. Bd2 e6 7. e4 Qd8 8. e5
Nd5 9. Bd3 h6 10. O-O Be7 11. Re1 b6 12. Rc1 Ba6 13. Bb1 Bb7 14. Qe2 Nd7 15.
Qe4 c5 16. Qg4 g5 17. Qh5 Nf4 18. Bxf4 gxf4 19. d5 {suite illisible} 1-0

[Event "Championnat de France - Vétérans"]
[Site "NANCY"]
[Date "2013.08.19"]
[Round "7.3"]
[White "Andrieu, Philippe"]
[Black "Ricter, Jean-Paul"]
[Result "0-1"]
[WhiteElo "1925"]
[BlackElo "2060"]
[PlyCount "84"]
[EventDate "2013.??.??"]

1. c4 d6 2. d4 e5 3. dxe5 dxe5 4. Qxd8+ Kxd8 5. g3 Be6 6. Bg2 c6 7. b3 Nd7 8.
Nf3 f6 9. Bb2 Ne7 10. Nc3 Kc7 11. Rd1 Nc8 12. O-O Be7 13. Rd2 Ncb6 14. Rfd1 a5
15. Ne4 a4 16. Nd6 axb3 17. axb3 Rhd8 18. Ne4 Bb4 19. Nc3 Re8 20. Rc2 Nc5 21.
Nd2 Red8 22. Rdc1 Rxd2 23. Rxd2 Nxb3 24. Rdc2 Nxc1 25. Rxc1 Nxc4 26. Nd1 Nxb2
27. Nxb2 Bd2 28. Rd1 Bc3 29. Nd3 Ra1 30. Rxa1 Bxa1 31. f4 exf4 32. gxf4 Bd4+
33. Kf1 Be3 34. Ke1 Kd6 35. Be4 f5 36. Bg2 b6 37. h4 g6 38. h5 gxh5 39. Ne5 c5
40. Bf3 h4 41. Nd3 h3 42. Kd1 h2 0-1

[Event "Championnat de France - Vétérans"]
[Site "NANCY"]
[Date "2013.08.19"]
[Round "7.4"]
[White "Maury, Claude"]
[Black "Leitner, Walter"]
[Result "1/2-1/2"]
[WhiteElo "1840"]
[BlackElo "2089"]
[PlyCount "80"]
[EventDate "2013.??.??"]

1. d4 d5 2. Nf3 c6 3. e3 Bg4 4. Bd3 Nd7 5. Nbd2 e5 6. dxe5 Nxe5 7. Be2 Bd6 8.
Nxe5 Bxe2 9. Nxf7 Bxd1 10. Nxd8 Bxc2 11. Nxb7 Be5 12. Nf3 Bf6 13. Nd4 Bg6 14.
Nxc6 Ne7 15. Nd6+ Kd7 16. Nxe7 Bxe7 17. Nb5 Bd3 18. Nc3 Ke6 19. Ne2 Ba6 20. Bd2
Bf6 21. Bc3 Bxc3+ 22. Nxc3 Rab8 23. O-O-O Rhc8 24. Rd4 Bc4 25. Kb1 Rc5 26. Rhd1
g5 27. e4 dxe4 28. Nxe4 Rc6 29. Nxg5+ Kf5 30. Rxc4 Rxc4 31. Rd5+ Kg6 32. Nf3
Rc7 33. Rd2 Rbc8 34. a3 Rc1+ 35. Ka2 R1c2 36. Rd7 a5 37. Rd6+ Kg7 38. Rd7+ Kg6
39. Rd6+ Kg7 40. Rd7+ Kg6 1/2-1/2

[Event "Championnat de France - Vétérans"]
[Site "NANCY"]
[Date "2013.08.19"]
[Round "7.5"]
[White "Rosenfeld, Imre"]
[Black "Daigremont, Jean-Renaud"]
[Result "1/2-1/2"]
[WhiteElo "1896"]
[BlackElo "2033"]
[PlyCount "234"]
[EventDate "2013.??.??"]

1. d4 Nf6 2. Nf3 g6 3. Bg5 Bg7 4. Nbd2 O-O 5. c3 d6 6. e4 c5 7. dxc5 dxc5 8.
Bc4 Nc6 9. O-O Bg4 10. Qc2 Qc7 11. Rfe1 Nd7 12. h3 Bxf3 13. Nxf3 Nde5 14. Nxe5
Nxe5 15. Bf1 h6 16. Bh4 Nc6 17. Bg3 e5 18. Rad1 Rad8 19. Rxd8 Rxd8 20. Rd1 a6
21. b3 Qa5 22. Rxd8+ Qxd8 23. Bc4 Ne7 24. a4 Qd6 25. f3 h5 26. Bf2 a5 27. Qd3
Qxd3 28. Bxd3 b6 29. b4 axb4 30. cxb4 Nc6 31. bxc5 bxc5 32. Bxc5 Bf8 33. Bb6
Bb4 34. Bb5 Na5 35. Bxa5 Bxa5 36. Kf1 Kf8 37. Ke2 Ke7 38. Kd3 h4 39. Kc4 f5 40.
Bc6 Kf6 41. Kb5 Be1 42. a5 Bf2 43. a6 Kg5 44. Be8 Kf6 45. Kc6 g5 46. exf5 Kxf5
47. Bd7+ Kf4 48. Bg4 Kg3 49. Kb7 Kxg2 50. a7 Bxa7 51. Kxa7 Kg3 52. Kb6 Kf4 53.
Kc5 e4 54. fxe4 Kxe4 55. Kd6 Kf4 56. Ke6 Ke4 57. Bf5+ Kd4 58. Kd6 Kc4 59. Ke5
Kc5 60. Ke6 Kb6 61. Kd6 Kb7 62. Be6 Kb6 63. Bc8 Kb5 64. Be6 Kb6 65. Bd5 Kb5 66.
Be4 Kb6 67. Bc6 Ka5 68. Kc7 Kb4 69. Kd6 Kc4 70. Bd7 Kd4 71. Bf5 Kc4 72. Be6+
Kb4 73. Kc6 Kc3 74. Kc5 Kd3 75. Bf7 Ke4 76. Kd6 Kf4 77. Be6 Ke4 78. Bg4 Kd4 79.
Bf5 Kc4 80. Bd7 Kd4 81. Bb5 Ke4 82. Be2 Kf4 83. Ke7 Kf5 84. Bh5 Ke5 85. Be8 Kf4
86. Bd7 Ke5 87. Be6 Kf4 88. Kf6 Ke4 89. Bd7 Kd4 90. Kxg5 Ke5 91. Kg6 Kd6 92.
Ba4 Ke6 93. Kg7 Kf5 94. Bb3 Ke5 95. Kf7 Kf5 96. Bc2+ Ke5 97. Ke7 Kd5 98. Bb3+
Ke5 99. Be6 Kd4 100. Kd6 Ke4 101. Bg4 Kf4 102. Ke7 Kg5 103. Kf8 Kf6 104. Bh5
Ke6 105. Bg6 Kf6 106. Bf7 Ke5 107. Ke7 Kf5 108. Bg8 Ke5 109. Be6 Ke4 110. Kd6
Kf4 111. Ke7 Ke5 112. Bc8 Kd5 113. Be6+ Ke5 114. Bf7 Kf5 115. Bb3 Kg6 116. Kf8
Kh7 117. Bc2+ Kh8 1/2-1/2

[Event "Championnat de France - Vétérans"]
[Site "NANCY"]
[Date "2013.08.19"]
[Round "7.6"]
[White "Audiffren, Roger"]
[Black "Guillaumat, Jean-Pierre"]
[Result "1/2-1/2"]
[WhiteElo "1971"]
[BlackElo "1863"]
[PlyCount "68"]
[EventDate "2013.??.??"]

1. e4 c5 2. Nc3 Nc6 3. g3 e6 4. Bg2 Nf6 5. f4 d6 6. Nge2 h5 7. h3 Be7 8. d3 Bd7
9. Be3 Rb8 10. a4 a6 11. O-O b5 12. axb5 axb5 13. Qd2 Qc8 14. b3 e5 15. f5 Nd4
16. Rf2 Ra8 17. Rxa8 Qxa8 18. Bg5 Bc6 19. Nxd4 cxd4 20. Nd5 Bxd5 21. exd5 Qa3
22. Bf3 b4 23. Bh4 Qa5 24. Qe2 Nxd5 25. Bxe7 Kxe7 26. Qe4 Ne3 27. Qb7+ Kf6 28.
Qd7 Rd8 29. Qc6 Qa1+ 30. Kh2 Nf1+ 31. Kg2 Ne3+ 32. Kh2 Nf1+ 33. Kg2 Ne3+ 34.
Kh2 Nf1+ 1/2-1/2

[Event "Championnat de France - Vétérans"]
[Site "NANCY"]
[Date "2013.08.19"]
[Round "7.7"]
[White "Pont, Jean-Claude"]
[Black "Tilquin, Jean-Pierre"]
[Result "0-1"]
[WhiteElo "1841"]
[BlackElo "1968"]
[PlyCount "70"]
[EventDate "2013.??.??"]

1. d4 Nf6 2. Bf4 g6 3. e3 Bg7 4. Nd2 O-O 5. Ngf3 c5 6. c3 b6 7. Be2 Bb7 8. O-O
d6 9. Ne1 Nbd7 10. Bf3 Qc7 11. h3 Rac8 12. Bxb7 Qxb7 13. Qe2 e5 14. dxe5 dxe5
15. Bh2 e4 16. Rd1 b5 17. b3 Rfe8 18. Nc2 Nd5 19. Nb1 Nxc3 20. Nxc3 Bxc3 21.
Rd6 Be5 22. Bxe5 Nxe5 23. Rfd1 Nd3 24. f3 c4 25. fxe4 Qxe4 26. Rd4 Qe5 27. bxc4
bxc4 28. Rd7 Rc7 29. Rd4 Qc5 30. Qf3 Qc6 31. Qg3 Rb7 32. Rd6 Qa4 33. Rd2 Rb2
34. R2xd3 cxd3 35. Nd4 d2 0-1

[Event "Championnat de France - Vétérans"]
[Site "NANCY"]
[Date "2013.08.19"]
[Round "7.8"]
[White "Marbot, Raymond"]
[Black "Hodot, Yves"]
[Result "0-1"]
[WhiteElo "1823"]
[BlackElo "1928"]
[PlyCount "104"]
[EventDate "2013.??.??"]

1. e4 e6 2. d4 d5 3. Nd2 Nf6 4. e5 Nfd7 5. Bd3 c5 6. c3 cxd4 7. cxd4 Nc6 8. Ne2
f6 9. exf6 Qxf6 10. Nf3 Bb4+ 11. Bd2 O-O 12. O-O Bxd2 13. Qxd2 b6 14. Rac1 Bb7
15. Qg5 Rac8 16. Qh5 Qh6 17. Qxh6 gxh6 18. a3 e5 19. dxe5 Ncxe5 20. Nxe5 Nxe5
21. Rxc8 Bxc8 22. Bb5 a6 23. Ba4 Bf5 24. Nd4 Bd3 25. Rd1 Rf4 26. Nc6 Rxa4 27.
Nxe5 Bc4 28. Rd4 b5 29. Nd7 b4 30. Nb6 Ra5 31. a4 Rc5 32. h3 a5 33. Rg4+ Kf7
34. Nd7 Rc7 35. Nb6 Ke6 36. Rh4 Ke5 37. Rxh6 Kd4 38. Rd6 Kc5 39. Nxc4 Kxc4 40.
f4 Rf7 41. g3 d4 42. Kf2 Kb3 43. Rxd4 Kxb2 44. Rd5 Ra7 45. f5 Ka3 46. g4 b3 47.
f6 b2 48. Rb5 Rc7 49. g5 Rc4 50. Kg3 Rb4 51. f7 b1=Q 52. f8=Q Qg1+ 0-1

[Event "Championnat de France - Vétérans"]
[Site "NANCY"]
[Date "2013.08.19"]
[Round "7.9"]
[White "Belluire, Patrice"]
[Black "Cortes, Jaime"]
[Result "1-0"]
[WhiteElo "1899"]
[BlackElo "1892"]
[PlyCount "73"]
[EventDate "2013.??.??"]

1. e4 c5 2. Nf3 d6 3. d4 cxd4 4. Nxd4 Nf6 5. Nc3 a6 6. Bg5 e5 7. Bxf6 gxf6 8.
Nf5 Be6 9. Ne3 Nc6 10. Ncd5 Rc8 11. Bd3 Bxd5 12. Nxd5 Nd4 13. c3 Ne6 14. Qa4+
Rc6 15. Bxa6 Qa8 16. Bb5 Qxa4 17. Bxa4 Bg7 18. O-O Nc5 19. Bxc6+ bxc6 20. Nb4
Kd7 21. f3 h5 22. b3 h4 23. Kf2 f5 24. Rfe1 fxe4 25. fxe4 f5 26. exf5 e4 27.
Rac1 Rf8 28. Ke2 Bh6 29. Rcd1 Rxf5 30. Rf1 Rg5 31. Rf6 Bg7 32. Rdxd6+ Ke8 33.
Rg6 Rxg6 34. Rxg6 Bxc3 35. Nxc6 Nd3 36. Ke3 Nc1 37. Kxe4 1-0

[Event "Championnat de France - Vétérans"]
[Site "NANCY"]
[Date "2013.08.19"]
[Round "7.10"]
[White "Coussot, Jean-Claude"]
[Black "Peyrin, Jean"]
[Result "0-1"]
[WhiteElo "1811"]
[BlackElo "1899"]
[PlyCount "124"]
[EventDate "2013.??.??"]

1. d4 Nf6 2. Nc3 d5 3. Bg5 g6 4. Qd2 Bg7 5. Bh6 O-O 6. Bxg7 Kxg7 7. f3 Nc6 8.
O-O-O a6 9. g4 b5 10. h4 b4 11. Na4 h5 12. gxh5 Nxh5 13. Bh3 Qd6 14. Bxc8 Rfxc8
15. Nh3 a5 16. b3 Qf6 17. e3 Re8 18. f4 e6 19. Rdg1 Na7 20. Rg5 Rh8 21. Qg2 Nb5
22. Re5 Nd6 23. Qg5 Ne4 24. Qxf6+ Nhxf6 25. Ng5 Nxg5 26. Rxg5 Ne4 27. Rg2 Kf6
28. Nc5 Nxc5 29. dxc5 a4 30. Kb2 axb3 31. cxb3 Ra5 32. Rc2 Kf5 33. Kb1 Ke4 34.
Rh3 Rh5 35. Kb2 e5 36. fxe5 Kxe5 37. Rd2 Rxc5 38. Rd4 Rb5 39. Rf4 f5 40. Rg3
Rb6 41. a3 bxa3+ 42. Kxa3 c5 43. Ra4 Rh7 44. Ra8 Rhb7 45. Re8+ Kf6 46. h5 Rxb3+
47. Ka2 gxh5 48. Rf8+ Ke7 49. Rxf5 c4 50. Rg7+ Ke6 51. Rxb7 Kxf5 52. Ra7 Kg6
53. Re7 Kf5 54. e4+ dxe4 55. Rc7 h4 56. Rxc4 Rg3 57. Kb2 h3 58. Rc8 Kf4 59. Rh8
Kf3 60. Kc3 Kg2+ 61. Kd4 e3 62. Kd3 h2 0-1

[Event "Championnat de France - Vétérans"]
[Site "NANCY"]
[Date "2013.08.20"]
[Round "8.1"]
[White "Giffard, Nicolas"]
[Black "Tilquin, Jean-Pierre"]
[Result "1-0"]
[WhiteElo "2337"]
[BlackElo "1968"]
[PlyCount "45"]
[EventDate "2013.??.??"]

1. d4 Nf6 2. c4 g6 3. Nc3 d5 4. Bg5 Ne4 5. Nxe4 dxe4 6. Qd2 c5 7. d5 Bg7 8. e3
h6 9. Bh4 O-O 10. Ne2 g5 11. Bg3 Bf5 12. Nc3 Nd7 13. Be2 Ne5 14. f3 exf3 15.
gxf3 Qb6 16. e4 Bh3 17. f4 Ng6 18. fxg5 hxg5 19. Rg1 Bd4 20. O-O-O f6 21. Nb5
e5 22. Nxd4 cxd4 23. Bh5 1-0

[Event "Championnat de France - Vétérans"]
[Site "NANCY"]
[Date "2013.08.20"]
[Round "8.2"]
[White "Ricter, Jean-Paul"]
[Black "Goldenberg, Richard"]
[Result "1/2-1/2"]
[WhiteElo "2060"]
[BlackElo "2301"]
[PlyCount "69"]
[EventDate "2013.??.??"]

1. c4 c6 2. Nf3 d5 3. b3 Bg4 4. Ne5 Bf5 5. Bb2 f6 6. Nf3 e5 7. d3 Nh6 8. Nbd2
Bb4 9. e3 O-O 10. cxd5 cxd5 11. Be2 Nc6 12. O-O a5 13. a3 Be7 14. d4 e4 15. Ne1
Bg6 16. f4 exf3 17. Ndxf3 Re8 18. Nh4 Be4 19. g3 Qd7 20. Neg2 Bd6 21. Nf4 Re7
22. Bf3 Bxf4 23. exf4 Rae8 24. Bc1 Bxf3 25. Nxf3 Re2 26. Ne5 fxe5 27. Qxe2 exd4
28. Qd1 Qg4 29. Qf3 Qxf3 30. Rxf3 Re1+ 31. Rf1 Re2 32. Rf2 Re1+ 33. Rf1 Re2 34.
Rf2 Re1+ 35. Rf1 1/2-1/2

[Event "Championnat de France - Vétérans"]
[Site "NANCY"]
[Date "2013.08.20"]
[Round "8.3"]
[White "Leitner, Walter"]
[Black "Belluire, Patrice"]
[Result "0-1"]
[WhiteElo "2089"]
[BlackElo "1899"]
[PlyCount "120"]
[EventDate "2013.??.??"]

1. d4 Nf6 2. Nf3 b6 3. e3 Bb7 4. Nbd2 e6 5. Bd3 c5 6. c3 Nc6 7. O-O cxd4 8.
exd4 Qc7 9. Re1 Be7 10. Ne4 Nxe4 11. Rxe4 h6 12. Rg4 g5 13. Re4 O-O-O 14. Re1
Bd6 15. Qe2 f6 16. Ba6 g4 17. Bxb7+ Kxb7 18. Nh4 Bxh2+ 19. Kh1 Bd6 20. Qxg4
Rdg8 21. Qh5 Ne7 22. Qf3+ Kb8 23. Bd2 f5 24. Rac1 Ng6 25. Nxg6 Rxg6 26. c4 Qb7
27. Qxb7+ Kxb7 28. c5 Bc7 29. b4 Rhg8 30. g3 b5 31. d5 exd5 32. Re7 Kc6 33. Rh7
f4 34. Kg2 Re8 35. Rh1 Ree6 36. Re1 fxg3 37. f3 Rxe1 38. Bxe1 Re6 39. Bc3 Re2+
40. Kg1 Bf4 41. Rg7 Rxa2 42. Rg6+ Kb7 43. Rg4 Be3+ 44. Kf1 Rf2+ 45. Ke1 Rc2 46.
Be5 g2 47. Bh2 Rb2 48. Rg7 g1=Q+ 49. Bxg1 Bxg1 50. Rxd7+ Kc6 51. Rd6+ Kc7 52.
Rxd5 Rxb4 53. Ke2 Rc4 54. Rh5 Bxc5 55. Rxh6 b4 56. Rh5 Kc6 57. Kd3 Rc3+ 58. Ke4
a5 59. Rh6+ Kb5 60. f4 b3 0-1

[Event "Championnat de France - Vétérans"]
[Site "NANCY"]
[Date "2013.08.20"]
[Round "8.4"]
[White "Dubreuil, Remy"]
[Black "Degrave, Jack"]
[Result "1-0"]
[WhiteElo "1817"]
[BlackElo "1961"]
[PlyCount "49"]
[EventDate "2013.??.??"]

1. d4 f5 2. e4 fxe4 3. Nc3 Nf6 4. Bg5 c6 5. Bxf6 exf6 6. Nxe4 d5 7. Nc3 Bd6 8.
Qh5+ g6 9. Qf3 O-O 10. O-O-O b5 11. Kb1 Bb7 12. Bd3 Nd7 13. Qh3 Nb6 14. Qh6 Qc7
15. Nh3 a5 16. Ne2 Nc4 17. Nef4 Rae8 18. Rhe1 Bc8 19. Rxe8 Rxe8 20. Bxg6 Re7
21. Bd3 Rf7 22. Nh5 Qe7 23. N3f4 Nxb2 24. Bxh7+ Rxh7 25. Nxf6+ 1-0

[Event "Championnat de France - Vétérans"]
[Site "NANCY"]
[Date "2013.08.20"]
[Round "8.5"]
[White "Hodot, Yves"]
[Black "Maury, Claude"]
[Result "1-0"]
[WhiteElo "1928"]
[BlackElo "1840"]
[Annotator "Rivier,Sylvain"]
[PlyCount "37"]
[EventDate "2013.??.??"]

1. e4 c5 2. b4 cxb4 3. c4 bxc3 4. Nxc3 Nc6 5. Bb2 d6 6. Nf3 Bg4 7. Bb5 a6 8.
Ba4 e6 9. Rc1 Rc8 10. O-O Nge7 11. d4 d5 12. Re1 Qa5 13. Bb3 dxe4 14. Rxe4 Bf5
15. Re3 f6 16. d5 Rd8 17. dxc6 Rxd1+ 18. Nxd1 Nxc6 19. Ne5 {suite illisible}
1-0

[Event "Championnat de France - Vétérans"]
[Site "NANCY"]
[Date "2013.08.20"]
[Round "8.6"]
[White "Peyrin, Jean"]
[Black "Andrieu, Philippe"]
[Result "0-1"]
[WhiteElo "1899"]
[BlackElo "1925"]
[PlyCount "92"]
[EventDate "2013.??.??"]

1. d4 d5 2. c4 Nc6 3. cxd5 Qxd5 4. e3 e5 5. Nc3 Bb4 6. Bd2 Bxc3 7. bxc3 exd4 8.
cxd4 Nf6 9. Nf3 Bg4 10. Be2 O-O 11. O-O Rfe8 12. Rb1 Rad8 13. Bc3 Ne4 14. Qc2
Nxc3 15. Qxc3 Qxa2 16. Rb2 Qa5 17. Rc1 Bxf3 18. Bxf3 Qxc3 19. Rxc3 Nxd4 20.
Rxc7 Rc8 21. Rbxb7 Rxc7 22. Rxc7 Nxf3+ 23. gxf3 Ra8 24. Rc4 a5 25. Ra4 Kf8 26.
Kf1 Ke7 27. Ke2 Kd6 28. Kd3 Kc5 29. Kc3 Kb5 30. Kb3 Rd8 31. Rf4 Rd3+ 32. Kc2
Rd7 33. Kb3 g5 34. Re4 f6 35. Re6 a4+ 36. Ka3 Rd3+ 37. Ka2 f5 38. Re7 Rd2+ 39.
Ka3 Rxf2 40. Rb7+ Kc4 41. Rxh7 Rxf3 42. Kxa4 Rxe3 43. Rg7 Re6 44. Ka3 Kd3 45.
Kb2 f4 46. Ra7 f3 0-1

[Event "Championnat de France - Vétérans"]
[Site "NANCY"]
[Date "2013.08.20"]
[Round "8.7"]
[White "Daigremont, Jean-Renaud"]
[Black "Zurano, Alberto"]
[Result "1/2-1/2"]
[WhiteElo "2033"]
[BlackElo "1808"]
[PlyCount "70"]
[EventDate "2013.??.??"]

1. d4 Nf6 2. Nf3 g6 3. g3 Bg7 4. Bg2 d6 5. O-O O-O 6. c4 Nc6 7. Nc3 Bf5 8. d5
Nb8 9. Nd4 Bd7 10. b4 Qc8 11. Qd3 Bh3 12. Bb2 Bxg2 13. Kxg2 Nbd7 14. Nf3 Ng4
15. e4 a5 16. a3 c6 17. Rac1 axb4 18. axb4 c5 19. b5 Nb6 20. Ra1 Qc7 21. Rxa8
Rxa8 22. h3 Ne5 23. Nxe5 Bxe5 24. Nd1 Bxb2 25. Nxb2 Qb8 26. Qb3 Qa7 27. Re1 Qa3
28. Re3 Qxb3 29. Rxb3 Ra2 30. h4 Kg7 31. Kf3 Kf6 32. Kg2 Kg7 33. Kf3 Kf6 34.
Kg2 Kg7 35. Kf3 Kf6 1/2-1/2

[Event "Championnat de France - Vétérans"]
[Site "NANCY"]
[Date "2013.08.20"]
[Round "8.8"]
[White "Molet, Asher"]
[Black "Audiffren, Roger"]
[Result "0-1"]
[WhiteElo "1769"]
[BlackElo "1971"]
[PlyCount "114"]
[EventDate "2013.??.??"]

1. d4 f5 2. g3 Nf6 3. Bg2 e6 4. c4 d5 5. b3 c6 6. Nf3 Bd6 7. O-O O-O 8. Ba3 Qe7
9. Bxd6 Qxd6 10. Nc3 Nbd7 11. Qd2 Ne4 12. Qe3 b6 13. Nd2 Ba6 14. Ncxe4 fxe4 15.
f3 exf3 16. Rxf3 Nf6 17. Raf1 Rad8 18. Bh3 dxc4 19. Bxe6+ Kh8 20. Bxc4 Bxc4 21.
Nxc4 Qxd4 22. Qxd4 Rxd4 23. e3 Re4 24. Nd2 Re6 25. e4 h6 26. Re3 Rfe8 27. Rfe1
c5 28. R3e2 Nd5 29. Nb1 Nb4 30. Nc3 Re5 31. Rd1 Nc6 32. Rd7 R5e7 33. Rxe7 Rxe7
34. Re3 Nd4 35. Kf2 Kg8 36. Ne2 Nc2 37. Rc3 Rf7+ 38. Kg1 Nb4 39. a3 Na6 40. Kg2
Nc7 41. Rf3 Rd7 42. Kf2 Ne6 43. Ke3 Rd1 44. h4 Rb1 45. Kd2 Rb2+ 46. Kd1 Rxe2
47. Kxe2 Nd4+ 48. Ke3 Nxf3 49. Kxf3 Kf7 50. e5 Ke6 51. Ke4 b5 52. h5 a6 53. a4
c4 54. bxc4 bxa4 55. Kd4 a3 56. Kc3 Kxe5 57. Kb3 Kd4 0-1